[Event "Regionalliga NO 0910"]
[Site "Bayern"]
[Date "2010.01.24"]
[Round "5.5"]
[White "Seidl, Juergen"]
[Black "Bader, Dominic"]
[Result "1/2-1/2"]
[WhiteElo "2069"]
[BlackElo "1936"]
[PlyCount "120"]
[EventDate "2009.10.18"]
[EventType "team-tourn"]
[EventRounds "9"]
[EventCountry "GER"]
[SourceTitle "EXT 2011"]
[Source "ChessBase"]
[SourceDate "2010.11.26"]
[SourceVersion "1"]
[SourceVersionDate "2010.11.26"]
[SourceQuality "1"]
[WhiteTeam "Kareth Lappersdorf"]
[BlackTeam "Dietfurt"]
[WhiteTeamCountry "GER"]
[BlackTeamCountry "GER"]

1. d4 Nf6 2. c4 g6 3. Nc3 Bg7 4. e4 d6 5. f4 0-0 6. Nf3 c5 7. d5 e6 8. Be2 exd5 9. exd5 Bf5 10. 0-0 a6 11. Bd3 Bxd3 12. Qxd3 Nbd7 13. Bd2 Qc7 14. Rae1 Rae8 15. h3 Qd8 16. f5 Rxe1 17. Rxe1 Re8 18. Rxe8+ Qxe8 19. Bf4 Ne5 20. Bxe5 dxe5 21. Nd2 e4 22. Ncxe4 Nxe4 23. Qxe4 Qxe4 24. Nxe4 gxf5 25. Nd6 b6 26. b3 f4 27. Kf2 Be5 28. Ne4 h6 29. Kf3 f5 30. Nf2 Kf7 31. Nd3 Bd6 32. Nxf4 Kf6 33. Ne6 h5 34. Nd8 Ke7 35. Nc6+ Kf6 36. g3 Bc7 37. a4 Kf7 38. Na7 Ke8 39. Nc8 Kd7 40. Na7 Be5 41. g4 fxg4+ 42. hxg4 hxg4+ 43. Kxg4 Bh2 44. Kf5 Bg3 45. Nc6 Kd6 46. Kf6 Kd7 47. a5 b5 48. cxb5 axb5 49. Kf5 c4 50. bxc4 bxc4 51. Ke4 Kd6 52. Kd4 c3 53. Nb4 Be5+ 54. Kc4 Bf6 55. Nc2 Be5 56. Na3 Kd7 57. Kd3 Kc8 58. Nc4 Bf6 59. Nd6+ Kb8 60. Ne4 Bd8 1/2-1/2

[Event "Regionalliga NO 0910"]
[Site "Bayern"]
[Date "2009.12.13"]
[Round "4.5"]
[White "Bader, Dominic"]
[Black "Kaeck, Ralf"]
[Result "0-1"]
[WhiteElo "1936"]
[BlackElo "1987"]
[PlyCount "52"]
[EventDate "2009.10.18"]
[EventType "team-tourn"]
[EventRounds "9"]
[EventCountry "GER"]
[SourceTitle "EXT 2011"]
[Source "ChessBase"]
[SourceDate "2010.11.26"]
[SourceVersion "1"]
[SourceVersionDate "2010.11.26"]
[SourceQuality "1"]
[WhiteTeam "Dietfurt"]
[BlackTeam "Windischeschenbach"]
[WhiteTeamCountry "GER"]
[BlackTeamCountry "GER"]

1. e4 Nf6 2. Nc3 d6 3. d4 g6 4. Be2 Bg7 5. Be3 0-0 6. Qd2 a6 7. Bh6 c5 8. Bxg7 Kxg7 9. dxc5 dxc5 10. Qe3 Qd4 11. e5 Nfd7 12. Qg3 Qxe5 13. f4 Qc7 14. 0-0-0 Nf6 15. h4 Nc6 16. h5 Bf5 17. Nf3 e6 18. Ne5 Nd4 19. Bd3 b5 20. hxg6 hxg6 21. Qg5 Rh8 22. Bxf5 Nxf5 23. g4 Ne3 24. Rde1 b4 25. Nd1 Ne4 26. Rxh8 Rxh8 0-1

[Event "Regionalliga NO 0910"]
[Site "Bayern"]
[Date "2009.11.29"]
[Round "3.5"]
[White "Dietrich, Jochen"]
[Black "Bader, Dominic"]
[Result "1-0"]
[WhiteElo "1953"]
[BlackElo "1936"]
[PlyCount "63"]
[EventDate "2009.10.18"]
[EventType "team-tourn"]
[EventRounds "9"]
[EventCountry "GER"]
[SourceTitle "EXT 2011"]
[Source "ChessBase"]
[SourceDate "2010.11.26"]
[SourceVersion "1"]
[SourceVersionDate "2010.11.26"]
[SourceQuality "1"]
[WhiteTeam "Buechenbach/Roth"]
[BlackTeam "Dietfurt"]
[WhiteTeamCountry "GER"]
[BlackTeamCountry "GER"]

1. e4 c5 2. Nf3 Nc6 3. d3 g6 4. g3 Bg7 5. Bg2 d6 6. 0-0 Bd7 7. c3 Nf6 8. Qe2 0-0 9. Rd1 Rc8 10. h3 b5 11. d4 cxd4 12. Nxd4 Nxd4 13. cxd4 a6 14. e5 Ne8 15. Nc3 e6 16. Bf4 d5 17. Qe3 b4 18. Ne2 Rc2 19. Rd2 Rxd2 20. Qxd2 Bb5 21. Nc1 a5 22. Nb3 Qb6 23. Rc1 Nc7 24. Nc5 Na6 25. Bf1 Rc8 26. Na4 Rxc1 27. Nxb6 Rxf1+ 28. Kg2 Ra1 29. b3 Nb8 30. Qc2 Nc6 31. Qc5 Na7 32. Nc8 1-0

[Event "Oberpfalz-ch M1"]
[Site "Kelheim"]
[Date "2009.04.06"]
[Round "5"]
[White "Werner, Claus"]
[Black "Bader, Dominic"]
[Result "1-0"]
[WhiteElo "2243"]
[BlackElo "2090"]
[PlyCount "75"]
[EventDate "2009.04.04"]
[EventType "swiss"]
[EventRounds "8"]
[EventCountry "GER"]
[SourceTitle "EXT 2022"]
[Source "ChessBase"]
[SourceDate "2021.10.06"]
[SourceVersion "1"]
[SourceVersionDate "2021.10.06"]
[SourceQuality "1"]

1. e4 e5 2. Nf3 Nc6 3. Bb5 a6 4. Ba4 Nf6 5. Qe2 Be7 6. 0-0 b5 7. Bb3 d6 8. c3 0-0 9. Rd1 h6 10. d4 Qe8 11. Nbd2 Bg4 12. Nf1 Rd8 13. d5 Na5 14. Bc2 c5 15. Ng3 Nh7 16. h3 Bxf3 17. Qxf3 Bg5 18. Nf5 Kh8 19. h4 Bxc1 20. Raxc1 Nc4 21. b3 Nb6 22. g3 Nc8 23. Ra1 Ne7 24. Nxe7 Qxe7 25. a4 g6 26. Bd3 Qb7 27. axb5 axb5 28. Ra5 c4 29. Bf1 f5 30. Rda1 fxe4 31. Qe3 g5 32. bxc4 bxc4 33. Qxe4 Qb6 34. R1a2 Rxf2 35. Rxf2 Qxa5 36. Rf7 Qb6+ 37. Kh1 Nf8 38. Qf3 1-0

[Event "Oberpfalz-ch M1"]
[Site "Kelheim"]
[Date "2009.04.05"]
[Round "3"]
[White "Kaeck, Ralf"]
[Black "Bader, Dominic"]
[Result "0-1"]
[WhiteElo "1997"]
[BlackElo "2090"]
[PlyCount "26"]
[EventDate "2009.04.04"]
[EventType "swiss"]
[EventRounds "8"]
[EventCountry "GER"]
[SourceTitle "EXT 2022"]
[Source "ChessBase"]
[SourceDate "2021.10.06"]
[SourceVersion "1"]
[SourceVersionDate "2021.10.06"]
[SourceQuality "1"]

1. d4 Nf6 2. c4 e6 3. Nc3 Bb4 4. Qc2 0-0 5. Nf3 c5 6. Bd2 Nc6 7. a3 cxd4 8. axb4 Nxb4 9. Qa4 dxc3 10. Bxc3 Nc6 11. b4 Ne4 12. Bb2 Qb6 13. Qxa7 Rxa7 0-1

[Event "Oberpfalz-ch M1"]
[Site "Kelheim"]
[Date "2009.04.04"]
[Round "1"]
[White "Giessmann, Stephan"]
[Black "Bader, Dominic"]
[Result "1-0"]
[WhiteElo "2222"]
[BlackElo "2090"]
[PlyCount "130"]
[EventDate "2009.04.04"]
[EventType "swiss"]
[EventRounds "8"]
[EventCountry "GER"]
[SourceTitle "EXT 2022"]
[Source "ChessBase"]
[SourceDate "2021.10.06"]
[SourceVersion "1"]
[SourceVersionDate "2021.10.06"]
[SourceQuality "1"]

1. d4 Nf6 2. Nf3 e6 3. Bg5 Be7 4. e3 b6 5. Bd3 Bb7 6. Nbd2 d5 7. c4 Nbd7 8. 0-0 0-0 9. Rc1 dxc4 10. Nxc4 c5 11. Qe2 h6 12. Bf4 Bxf3 13. Qxf3 cxd4 14. exd4 Nd5 15. Bg3 N7f6 16. a3 b5 17. Ne5 Qb6 18. Nc6 Rac8 19. Nxe7+ Nxe7 20. Be5 Nd7 21. b4 a6 22. Rfd1 Rfd8 23. Bg3 Rxc1 24. Rxc1 Qxd4 25. Be4 Nf6 26. Bb7 a5 27. bxa5 Qd2 28. Bf4 Qxa5 29. Bxh6 Ned5 30. Bg5 Rb8 31. Bxd5 Nxd5 32. Qg3 Ra8 33. Bh6 g6 34. Qe5 f6 35. Qxe6+ Kh7 36. Qxd5 Kxh6 37. Ra1 Qc3 38. Rd1 Rxa3 39. Qxb5 Ra1 40. Qf1 Rxd1 41. Qxd1 Qb2 42. h3 Qc3 43. g3 Qb2 44. Qd5 Qe2 45. Qg8 Qe1+ 46. Kg2 Qe4+ 47. Kh2 Qd4 48. Qh8+ Kg5 49. f4+ Kf5 50. Qc8+ Ke4 51. Qe6+ Kd3 52. Qe1 Qb2+ 53. Kg1 Qc2 54. Qf2 Qc6 55. g4 Qe4 56. Kh2 Qe7 57. Qf1+ Kd2 58. Qf3 g5 59. Kg3 Ke1 60. Qf2+ Kd1 61. h4 gxh4+ 62. Kxh4 Qh7+ 63. Kg3 Qe7 64. Qd4+ Ke1 65. g5 fxg5 1-0

[Event "Regionalliga NO 0809"]
[Site "Bayern"]
[Date "2009.03.01"]
[Round "7.4"]
[White "Rosin, Ralf"]
[Black "Bader, Dominic"]
[Result "1/2-1/2"]
[WhiteElo "1990"]
[BlackElo "1932"]
[PlyCount "157"]
[EventDate "2008.10.05"]
[EventType "team-tourn"]
[EventRounds "9"]
[EventCountry "GER"]
[SourceTitle "EXT 2020"]
[Source "ChessBase"]
[SourceDate "2019.10.17"]
[SourceVersion "1"]
[SourceVersionDate "2019.10.17"]
[SourceQuality "1"]
[WhiteTeam "Grossenseebach"]
[BlackTeam "Dietfurt"]
[WhiteTeamCountry "GER"]
[BlackTeamCountry "GER"]

1. d4 Nf6 2. Bg5 g6 3. e3 Bg7 4. Bd3 c5 5. c3 0-0 6. Nd2 cxd4 7. exd4 e5 8. dxe5 Re8 9. Ne2 Rxe5 10. Nf3 Re8 11. 0-0 d5 12. h3 Nc6 13. Ned4 Qb6 14. Qb3 Nxd4 15. Nxd4 Qxb3 16. axb3 Bd7 17. Rfe1 Ne4 18. Be3 Nc5 19. Bc2 Ne6 20. Nxe6 Rxe6 21. Red1 Bc6 22. b4 a6 23. Bb3 Rd8 24. Rd2 Red6 25. Rad1 Be5 26. Bb6 R8d7 27. Bc5 Bf4 28. Rd4 Be5 29. R4d3 Re6 30. Bxd5 Bxd5 31. Rxd5 Rxd5 32. Rxd5 Bf4 33. Kf1 Bc1 34. Bd4 Kf8 35. Rd8+ Ke7 36. Rb8 b5 37. Rb7+ Ke8 38. b3 Bd2 39. f3 Rc6 40. Bc5 Bxc3 41. Re7+ Kd8 42. Rxf7 h5 43. Rb7 Kc8 44. Re7 a5 45. Re4 a4 46. bxa4 bxa4 47. Bf8 Bb2 48. b5 Rc1+ 49. Ke2 a3 50. Ra4 Rc2+ 51. Kd3 Rxg2 52. Bxa3 Bxa3 53. Rxa3 Rg3 54. Ke4 Rxh3 55. Kf4 Rh1 56. Ra7 Rg1 57. Ke3 h4 58. Kf2 Rg5 59. Rh7 Rxb5 60. Rxh4 Kd7 61. Re4 Kd6 62. Kg3 Re5 63. Ra4 Ke6 64. Kg4 Re1 65. Kf4 Rg1 66. Ra6+ Kf7 67. Ke5 Re1+ 68. Kf4 Rg1 69. Rb6 Rg2 70. Rb1 Kf6 71. Ra1 Re2 72. Ra6+ Re6 73. Ra5 Rb6 74. Kg4 Re6 75. f4 Rb6 76. Ra8 Rb5 77. Ra6+ Kf7 78. Ra7+ Kf6 79. Ra6+ 1/2-1/2